Statistics for Geography by Picture - S

Click here to take the quiz!

General Stats

  • This quiz has been taken 40,397 times
    (40,352 since last reset)
  • The average score is 13 of 18

Answer Stats

Answer% Correct
Switzerland
95%
Sahara
94%
South Africa
91%
Spain
89%
Sweden
89%
Sydney Opera House
86%
Suez Canal
84%
Silicon Valley
83%
Scotland
78%
Silk Road
74%
San Francisco
70%
Singapore
69%
Sistine Chapel
66%
Shanghai
63%
Santorini
52%
Sagrada Familia
49%
Serengeti
39%
St. Petersburg
39%

Score Distribution

Percentile by Number Answered

Percent of People with Each Score

Your Score History

You have not taken this quiz since the last reset